000 00676nam a2200241Ia 4500
003 OSt
005 20230518150600.0
008 210423s2014 xx 000 0 und d
020 _a978-81-265-5210-8
040 _cAL
041 _aeng
082 _a519.72
_223
_bTHII
100 _aTHEI (Paul R);KEOUGH (G E)
_9108503
245 _aIntroduction to linear programming and game theory Ed 3
250 _a3
260 _aNew Delhi
_bWiley and Sons
_c2014
300 _axiv,460
_bHB
365 _b3895
_cINR
650 _aMathematics
_9108504
650 _aProbabilities
_9108505
906 _aEd ; game ; Introduction ; linear ; programming ; theory
942 _2ddc
_cBK
999 _c166840
_d166840